000 00942nam a2200289 i 4500
001 89108
003 ES-MaACL
005 20230906180058.0
007 t|
008 050201s2004 sp ||||1| spa d
020 _a84-8489-118-6 (Iberoamericana)
020 _a3-89354-606-6 (Vervuert)
080 _a821.134.2(7/8).09"19"
080 _a7.011.28
080 _a82:111.852
100 1 _aSantos, Lidia.
_9103482
245 1 0 _aKitsch tropical
_b: los medios en la literatura y el arte en América Latina /
_cLidia Santos.
250 _a2ª ed.
260 _aMadrid :
_bIberoamericana ;
_aFrankfurt am Main :
_bVervuert,
_c2004.
300 _a260 p. ;
_c23 cm.
490 1 _aNexos y diferencias ;
_v2
650 1 4 _aLiteratura hispanoamericana-
_yS.XX-
_xHistoria y crítica.
_914614
650 1 4 _aKitsch.
_914038
830 0 _aNexos y diferencias ;
_v2
_9184103
852 _aES-MaACL
_jL-28734
_bR.134638
999 _c89108
_d89108